Ecos del Nalón (Record no. 181689)

MARC details
000 -LEADER
campo de control de longitud fija 00860nas a2200229 i 4500
001 - NÚMERO DE CONTROL
campo de control 181689
003 - IDENTIFICADOR DE NÚMERO DE CONTROL
campo de control ES-MaACL
005 - FECHA Y HORA DE LA ÚLTIMA TRANSACCIÓN
campo de control 20250217134906.0
008 - DATOS DE LONGITUD FIJA--INFORMACIÓN GENERAL
campo de control de longitud fija 130312d18771883sp | | ||pa d
080 ## - NÚMERO DE LA CLASIFICACIÓN DECIMAL UNIVERSAL
Número de la Clasificación Decimal Universal 008
245 00 - MENCIÓN DEL TÍTULO
Título Ecos del Nalón
Resto del título : revista ilustrada científico literaria.
260 ## - PUBLICACIÓN, DISTRIBUCIÓN, ETC.
Lugar de publicación, distribución, etc. Oviedo :
Nombre del editor, distribuidor, etc. [s.n.],
Fecha de publicación, distribución, etc. 1877-1883 (
Fabricante Impr. de la viuda de Cornelio y sobrino)
300 ## - DESCRIPCIÓN FÍSICA
Extensión 5 v. ;
Dimensiones 30 cm.
310 ## - PERIODICIDAD ACTUAL
Periodicidad actual Quincenal a partir de 1880
321 ## - PERIODICIDAD ANTERIOR
Periodicidad anterior Semanal
362 0# - FECHAS DE PUBLICACIÓN Y/O DESIGNACIÓN SECUENCIAL
Fecha de publicación y/o designación secuencial Año 1, n. 1 (15 nov. 1877)-año 7, n. 2 (30 en. 1883)
500 ## - NOTA GENERAL
Nota general A partir del nº 13 del 20 de febrero de 1878 se hace decenal y cambia el nombre por: Revista de Asturias ilustrada, científico y literaria y sigue la numeración.
740 0# - ENTRADA AGREGADA--TÍTULO RELACIONADO/ANALÍTICO NO CONTROLADO
Título relacionado o analítico no controlado Revista de Asturias.
852 ## - LOCALIZACIÓN
Ubicación ES-MaACL
Número de control de estantería G-5022-26
866 #0 - MENCIÓN TEXTUAL DE FONDOS--UNIDAD BIBLIOGRÁFICA BÁSICA
Fondos (1877-1879) 1880-1883
Holdings
Estatus retirado Estado de pérdida Estado de daño No para préstamo Colección Biblioteca de origen Biblioteca actual Ubicación en estantería Fecha de adquisición Fuente de adquisición Total de préstamos Signatura topográfica completa Código de barras Visto por última vez Precio de reemplazo Tipo de ítem Koha
        Periódicos y Revistas Biblioteca del Ateneo de Madrid Biblioteca del Ateneo de Madrid Depósito 2 12/03/2013     G-5020-26 1190938 23/02/2023 23/02/2023 Revista